|
|
|
|
| LEADER |
03613nam a2200709 4500 |
| 001 |
ocn871186912 |
| 003 |
OCoLC |
| 005 |
20170124072644.6 |
| 006 |
m o d |
| 007 |
cr ||||||||||| |
| 008 |
140225s2014 enk ob 001 0 eng |
| 010 |
|
|
|a 2014005428
|
| 040 |
|
|
|a DLC
|b eng
|e rda
|e pn
|c DLC
|d YDX
|d N$T
|d DG1
|d YDXCP
|d OCLCF
|d NLGGC
|d IDEBK
|d EBLCP
|d E7B
|d CDX
|d RECBK
|d COO
|d OCLCQ
|d DEBBG
|d OCLCQ
|d OCLCO
|d U3G
|d COD
|d OCLCQ
|d DG1
|d GrThAP
|
| 019 |
|
|
|a 884547958
|a 926104874
|a 961577278
|a 962610706
|
| 020 |
|
|
|a 9781118451274
|q (ePub)
|
| 020 |
|
|
|a 1118451279
|q (ePub)
|
| 020 |
|
|
|a 9781118451250
|q (Adobe PDF)
|
| 020 |
|
|
|a 1118451252
|q (Adobe PDF)
|
| 020 |
|
|
|a 9781118451281
|q (electronic bk.)
|
| 020 |
|
|
|a 1118451287
|q (electronic bk.)
|
| 020 |
|
|
|a 1306979137
|
| 020 |
|
|
|a 9781306979139
|
| 020 |
|
|
|a 1118451295
|
| 020 |
|
|
|a 9781118451298
|
| 020 |
|
|
|z 9781118451298
|q (cloth)
|
| 024 |
0 |
|
|a 99963279420
|
| 029 |
1 |
|
|a CHBIS
|b 010442158
|
| 029 |
1 |
|
|a CHVBK
|b 33408556X
|
| 029 |
1 |
|
|a DEBBG
|b BV042794847
|
| 029 |
1 |
|
|a DEBBG
|b BV042989837
|
| 029 |
1 |
|
|a NZ1
|b 15753442
|
| 035 |
|
|
|a (OCoLC)871186912
|z (OCoLC)884547958
|z (OCoLC)926104874
|z (OCoLC)961577278
|z (OCoLC)962610706
|
| 037 |
|
|
|a 629164
|b MIL
|
| 042 |
|
|
|a pcc
|
| 050 |
0 |
0 |
|a QP801.C27
|
| 060 |
|
4 |
|a QV 77.7
|
| 072 |
|
7 |
|a MED
|x 071000
|2 bisacsh
|
| 082 |
0 |
0 |
|a 615.7/827
|2 23
|
| 049 |
|
|
|a MAIN
|
| 130 |
0 |
|
|a Cannabinoids (2014)
|
| 245 |
1 |
0 |
|a Cannabinoids /
|c [edited by] Vincenzo Di Marzo.
|
| 264 |
|
1 |
|a Chichester, West Sussex, UK :
|b Wiley Blackwell,
|c 2014.
|
| 300 |
|
|
|a 1 online resource
|
| 336 |
|
|
|a text
|b txt
|2 rdacontent
|
| 337 |
|
|
|a computer
|b c
|2 rdamedia
|
| 338 |
|
|
|a online resource
|b cr
|2 rdacarrier
|
| 504 |
|
|
|a Includes bibliographical references and index.
|
| 505 |
0 |
|
|a Looking ahead after 50 years of research on cannabinoids / Raphael Mechoulam -- Cannabinoid receptor intracellular signaling : the long journey from binding sites to biological effects / Lawrence C. Blume, Khalil M. Eldeeb, and Allyn C. Howlett -- Endocannabinoid biochemistry : what do we know after 50 years? / Filomena Fezza and Mauro Maccarrone -- Genetic dissection of the endocannabinoid system and how it changed our knowledge of cannabinoid pharmacology and mammalian physiology / Beat Lutz -- Cannabinoids, endocannabinoids, and stress / Cecilia J. Hillard, Qing-song Liu, XiaoQian Liu, Bin Pan, Christopher J. Roberts, and Leyu Shi -- Cannabinoids and the brain : new hopes for new therapies / Javier Fernández-Ruiz, Mariluz Hernández, and Yolanda García-Movellán -- Potential therapeutic applications of cannabinoids in gastrointestinal and liver diseases : focus on tetrahydrocannabinol pharmacology / Paolo Caraceni, Francesca Borrelli, Ferdinando A. Giannone, and Angelo A. Izzo -- Years of cannabinoid research and the need for a new nomenclature / Vincenzo Di Marzo and Luciano De Petrocellis.
|
| 588 |
0 |
|
|a Print version record and CIP data provided by publisher.
|
| 650 |
|
0 |
|a Cannabinoids.
|
| 650 |
|
2 |
|a Cannabinoids
|x history.
|
| 650 |
|
2 |
|a Cannabinoids
|x pharmacology.
|
| 650 |
|
2 |
|a Cannabinoids
|x therapeutic use.
|
| 650 |
|
2 |
|a History, 20th Century.
|
| 650 |
|
2 |
|a Receptors, Cannabinoid
|x physiology.
|
| 650 |
|
7 |
|a MEDICAL
|x Pharmacology.
|2 bisacsh
|
| 650 |
|
7 |
|a Cannabinoids.
|2 fast
|0 (OCoLC)fst00845733
|
| 655 |
|
4 |
|a Electronic books.
|
| 700 |
1 |
|
|a Di Marzo, Vincenzo,
|e editor.
|
| 776 |
0 |
8 |
|i Print version:
|d Chichester, West Sussex, UK : John Wiley & Sons Inc., 2014
|z 9781118451298
|w (DLC) 2014005428
|
| 856 |
4 |
0 |
|u https://doi.org/10.1002/9781118451281
|z Full Text via HEAL-Link
|
| 994 |
|
|
|a 92
|b DG1
|